00355nam a2200109Ia 4500008004100000100002100041245004800062260002500110300002000135650001200155856007800167160712s9999 xx 000 0 und d aConde, Cyril M.  cCyril M. CondeaThe Asog Culture in Ibalong c2011bDiliman Review avol. 58 no. 1-4 xIBALONG uhttp://journals.upd.edu.ph/index.php/dilimanreview/issue/view/513/showToc